Το Ναύπλιο των περιηγητών = The Nauplion of the foreign travellers
Αποθηκεύτηκε σε:
| Κύριος συγγραφέας: | |
|---|---|
| Μορφή: | Βιβλίο |
| Γλώσσα: | Greek |
| Δημοσίευση: |
Αθήνα :
Εμπορική Τράπεζα της Ελλάδος Α.Ε.,
2007.
|
| Θέματα: | |
| Ετικέτες: |
Προσθήκη ετικέτας
Δεν υπάρχουν, Καταχωρήστε ετικέτα πρώτοι!
|
MARC
| LEADER | 00000cam a2200000 i 4500 | ||
|---|---|---|---|
| 001 | 1/5140 | ||
| 008 | 100302s2007####gr | | ||| |||| ||gre|| | ||
| 020 | |a 9789607059185 | ||
| 035 | |l 10107058 | ||
| 040 | |a GR-MyUa |b gre |e AACR2 | ||
| 041 | 0 | |a gre | |
| 082 | 7 | |a 914.95 |2 (22) | |
| 082 | 7 | |a 914.9522 |2 (23) | |
| 100 | 1 | |a Κούρια, Αφροδίτη. | |
| 245 | 1 | 3 | |a Το Ναύπλιο των περιηγητών = |b The Nauplion of the foreign travellers / |c Αφροδίτη Κούρια. |
| 246 | 1 | |i Παράλληλος τίτλος: |a The Nauplion of the foreign travelers | |
| 260 | |a Αθήνα : |b Εμπορική Τράπεζα της Ελλάδος Α.Ε., |c 2007. | ||
| 300 | |a 213 σ. : |b έγχρ. εικ. ; |c 26 εκ. | ||
| 504 | |a Βιβλιογραφία: σ. 208-210. Ευρετήριο. | ||
| 651 | 0 | |a Nauplion (Greece) |x Description and travel. | |
| 651 | 0 | |a Nauplion (Greece) |x Pictorial works. | |
| 852 | |a INST |b LESVOS |e 20100302 |h 914.95 ΚΟΥ |p 005100046750 |q 005100046750 |t BK |y 0 | ||
| 852 | |a INST |b SYROS |e 20210705 |h 914.9522 ΚΟΥ |p 005500014154 |q 005500014154 |t BK |y 0 | ||
| 901 | |a BIBL1-2010-1 | ||
| 970 | |a ΚΑΡΑ |b ΓΙΑΣΕΜΗ |z 2010/03/02 | ||